| 000 | 00968nam a22003017a 4500 | ||
|---|---|---|---|
| 001 | 000768 | ||
| 003 | DO-SdBPM | ||
| 005 | 20260515132405.0 | ||
| 007 | ta | ||
| 008 | 161129b2000 sp a ||||| |||| 00| 0 spa d | ||
| 020 | _a9788430561056 | ||
| 020 | _a8430561056 | ||
| 040 |
_aDO-SdBPM _bspa _cBPMSU _erda |
||
| 082 | 0 | 4 |
_a628.92 _bA774b 2000 _222 |
| 100 | 1 |
_aArredondo, Francisco _eautor _4aut. |
|
| 245 | 1 | 0 |
_aBusca los bomberos / _ctextos, Francisco Arredondo |
| 260 | _c | ||
| 264 |
_aMadrid : _bSusaeta Ediciones, _c2000 |
||
| 300 |
_a29 páginas : _bilustraciones ; _c29 cm. |
||
| 336 |
_atexto _btxt _2rdacontent |
||
| 337 |
_asin mediación _bn _2rdacarrier |
||
| 590 | _aInventariado, 2026/VM | ||
| 650 | 7 |
_aPrevención de incendios _xNormas técnicas. |
|
| 650 | 7 |
_aVehículos de emergencias _xEquipo y accesorios _x Literatura infantil. |
|
| 650 | 7 | _aPrevención de desastres | |
| 910 | _aVmateo V. Control de calidad BPMSU | ||
| 942 |
_2ddc _cBK |
||
| 999 |
_c12174 _d12174 |
||